A Lotus Notes alkalmazása – értékesítési bonusz pontrendszer

Elmentve itt :
Bibliográfiai részletek
Szerző: Szabó Zsolt
További közreműködők: Alexin Zoltán (Témavezető)
Dokumentumtípus: Szakdolgozat
Megjelent: 2001
Tárgyszavak:
Online Access:http://diploma.bibl.u-szeged.hu/2175
LEADER 00797nta a2200181 i 4500
001 dipl2175
005 20120621140816.0
008 110311s2001 hu om 0|| hun d
040 |a SZTE Diploma Repozitórium  |b hun 
041 |a hun 
100 1 |a Szabó Zsolt 
245 1 2 |a A Lotus Notes alkalmazása – értékesítési bonusz pontrendszer  |h [elektronikus dokumentum] /  |c Zsolt Szabó 
260 |c 2001 
650 4 |a Informatika 
700 1 |a Alexin Zoltán  |e ths 
856 4 0 |u http://diploma.bibl.u-szeged.hu/id/eprint/2175/2/2001_szab%C3%B3_zsolt_01_160.tgz  |z Dokumentum-elérés  
856 4 0 |u http://diploma.bibl.u-szeged.hu/id/eprint/2175/3/2001_szabo_zsolt_01_160.pdf  |z Dokumentum-elérés  
856 4 0 |u http://diploma.bibl.u-szeged.hu/id/eprint/2175/4/2001_szabo_zsolt_01_160_velemeny.pdf  |z Dokumentum-elérés